[Event "NOR-ch U26"]
[Site "Bergen"]
[Date "2015.11.13"]
[Round "1"]
[White "Soberg, Anders"]
[Black "Satre, Mathias"]
[Result "1-0"]
[WhiteElo "1198"]
[BlackElo "1915"]
[PlyCount "73"]
[EventDate "2015.11.13"]
[EventType "swiss"]
[EventRounds "6"]
[EventCountry "NOR"]
[SourceTitle "EXT 2024"]
[Source "ChessBase"]
[SourceDate "2023.10.10"]
[SourceVersion "1"]
[SourceVersionDate "2023.10.10"]
[SourceQuality "1"]

1. d4 Nf6 2. Bf4 g6 3. e3 Bg7 4. Nf3 d6 5. h3 0-0 6. c4 c5 7. Nc3 cxd4 8. exd4 d5 9. c5 Bd7 10. Be2 b6 11. b4 bxc5 12. dxc5 Ne4 13. Nxe4 dxe4 14. Ne5 Bf5 15. 0-0 Qc8 16. Rc1 Nc6 17. Nxc6 Qxc6 18. b5 Qc8 19. c6 Rd8 20. Qb3 e5 21. Bg5 Rd6 22. Rfd1 Qc7 23. Bc4 Rxd1+ 24. Rxd1 h6 25. Be3 Rb8 26. g4 Bc8 27. a4 Bf8 28. Bd5 Kg7 29. Bxe4 f5 30. gxf5 gxf5 31. Bd5 Kf6 32. f4 exf4 33. Bd4+ Kg6 34. Kh1 h5 35. Rg1+ Kh6 36. Bf6 Be7 37. Bg7+ 1-0

[Event "Politiken Cup 37th"]
[Site "Helsingor"]
[Date "2015.07.30"]
[Round "7"]
[White "Petersson, Baldur Teodor"]
[Black "Satre, Mathias"]
[Result "1/2-1/2"]
[WhiteElo "1988"]
[BlackElo "1753"]
[PlyCount "126"]
[EventDate "2015.07.25"]
[EventType "swiss"]
[EventRounds "10"]
[EventCountry "DEN"]
[SourceTitle "CBM 167 Extra"]
[Source "ChessBase"]
[SourceDate "2015.09.14"]
[SourceVersion "1"]
[SourceVersionDate "2015.09.14"]
[SourceQuality "1"]

1. e4 c5 2. Nc3 Nc6 3. g3 g6 4. Bg2 Bg7 5. d3 d6 6. f4 e6 7. Nf3 Nge7 8. 0-0 0-0 9. Be3 Nd4 10. e5 Nef5 11. Bf2 Nxf3+ 12. Qxf3 Nd4 13. Qd1 dxe5 14. fxe5 Bxe5 15. Na4 Qc7 16. c3 Nf5 17. Nxc5 h5 18. d4 Bg7 19. Qf3 Rb8 20. h3 b6 21. g4 hxg4 22. hxg4 Nxd4 23. Bxd4 Bxd4+ 24. cxd4 bxc5 25. Rac1 Qa5 26. Rxc5 Qxa2 27. Rg5 Ba6 28. Rf2 Qb1+ 29. Kh2 Rxb2 30. Rxg6+ Qxg6 31. Rxb2 f5 32. Qc6 Qh6+ 33. Kg1 Qe3+ 34. Kh2 Qh6+ 35. Kg1 Qe3+ 36. Kh1 Bd3 37. Bd5 Qh3+ 38. Kg1 Qf1+ 39. Kh2 Qf4+ 40. Kh1 Qf1+ 41. Kh2 Qf4+ 42. Kh1 Be4+ 43. Bxe4 Qxe4+ 44. Qxe4 fxe4 45. Kg2 e3 46. Rb3 Rf4 47. Rxe3 Kf7 48. Ra3 Rxg4+ 49. Kf3 Rxd4 50. Rxa7+ Kf6 51. Ke3 Ke5 52. Ra5+ Rd5 53. Rxd5+ Kxd5 54. Kd3 e5 55. Ke3 e4 56. Ke2 Kd4 57. Kd2 e3+ 58. Ke2 Ke4 59. Ke1 Kd4 60. Ke2 Ke4 61. Ke1 Kf3 62. Kf1 e2+ 63. Ke1 Ke3 1/2-1/2

[Event "NOR-ch Class1"]
[Site "Oslo"]
[Date "2015.07.04"]
[Round "1"]
[White "Satre, Mathias"]
[Black "Lilleoren, David"]
[Result "1/2-1/2"]
[WhiteElo "1796"]
[BlackElo "1893"]
[PlyCount "62"]
[EventDate "2015.07.04"]
[EventType "swiss"]
[EventRounds "9"]
[EventCountry "NOR"]
[SourceTitle "EXT 2017"]
[Source "ChessBase"]
[SourceDate "2016.10.25"]
[SourceVersion "1"]
[SourceVersionDate "2016.10.25"]
[SourceQuality "1"]

1. e4 e6 2. d4 d5 3. Nc3 Nf6 4. Bg5 Bb4 5. e5 h6 6. exf6 hxg5 7. fxg7 Rg8 8. Bd3 Qf6 9. Qd2 Nc6 10. Nge2 Bd7 11. a3 Ba5 12. Qe3 0-0-0 13. 0-0-0 Qxg7 14. Bb5 a6 15. Ba4 b5 16. Bb3 Bb6 17. Ba2 Na5 18. b3 Qf8 19. Nb1 c5 20. Qc3 c4 21. b4 Nc6 22. Qf3 a5 23. c3 Kb7 24. Nd2 Ra8 25. Bb1 axb4 26. axb4 g4 27. Qf4 Bc7 28. Qe3 Ra3 29. Bh7 Rg7 30. Nb1 Ra2 31. Bc2 Qa8 1/2-1/2

[Event "Sandnes Masfjorden op"]
[Site "Sandnes"]
[Date "2015.02.14"]
[Round "3"]
[White "Haugsdal, Sigve"]
[Black "Satre, Mathias"]
[Result "0-1"]
[WhiteElo "1410"]
[BlackElo "1755"]
[PlyCount "84"]
[EventDate "2015.02.13"]
[EventType "swiss"]
[EventRounds "6"]
[EventCountry "NOR"]
[SourceTitle "EXT 2017"]
[Source "ChessBase"]
[SourceDate "2016.10.25"]
[SourceVersion "1"]
[SourceVersionDate "2016.10.25"]
[SourceQuality "1"]

1. e4 e6 2. d4 d5 3. e5 c5 4. c3 Nc6 5. Nf3 Qb6 6. Bd3 Bd7 7. Bc2 cxd4 8. cxd4 Nb4 9. Nc3 Nxc2+ 10. Qxc2 Rc8 11. Bd2 Ne7 12. Qb3 Qxb3 13. axb3 a6 14. 0-0 Rc6 15. Na4 Nf5 16. Rfc1 Be7 17. Rxc6 Bxc6 18. b4 f6 19. Nc5 Kf7 20. Rc1 Rc8 21. g4 Bxc5 22. dxc5 Ne7 23. exf6 gxf6 24. g5 Rg8 25. Kf1 Bb5+ 26. Ke1 e5 27. gxf6 Kxf6 28. h4 Nf5 29. Bg5+ Ke6 30. Kd1 h6 31. Bd2 e4 32. Ne1 Ba4+ 33. Ke2 Bb5+ 34. Kd1 Nd4 35. Bxh6 Ba4+ 36. b3 Nxb3 37. Rc3 d4 38. Rg3 Nxc5+ 39. Kd2 e3+ 40. Ke2 Bb5+ 41. Kf3 exf2 42. Rxg8 f1Q+ 0-1

[Event "Sandnes Masfjorden op"]
[Site "Sandnes"]
[Date "2015.02.13"]
[Round "5"]
[White "Satre, Mathias"]
[Black "Haldorsen, Benjamin"]
[Result "0-1"]
[WhiteElo "1755"]
[BlackElo "2096"]
[PlyCount "102"]
[EventDate "2015.02.13"]
[EventType "swiss"]
[EventRounds "6"]
[EventCountry "NOR"]
[SourceTitle "EXT 2017"]
[Source "ChessBase"]
[SourceDate "2016.10.25"]
[SourceVersion "1"]
[SourceVersionDate "2016.10.25"]
[SourceQuality "1"]

1. c4 g6 2. g3 Bg7 3. Bg2 d6 4. d4 Nf6 5. Nf3 0-0 6. 0-0 a6 7. h3 Nc6 8. Nc3 e5 9. d5 Ne7 10. e4 Nd7 11. Be3 h6 12. Qd2 Kh7 13. Ne1 f5 14. Nd3 Nf6 15. f4 Nxe4 16. Nxe4 fxe4 17. Nf2 Nf5 18. Nxe4 Qe7 19. Rae1 Bd7 20. fxe5 Qxe5 21. Rf2 Nxe3 22. Rxe3 Rxf2 23. Nxf2 Qg5 24. Qe2 Rf8 25. Re7 Kh8 26. Rxd7 Bd4 27. Qg4 Qxg4 28. hxg4 Rxf2 29. Kh2 Bb6 30. b4 Rc2 31. Re7 Rxc4 32. Be4 g5 33. Bf5 Rxb4 34. Rh7+ Kg8 35. Rxh6 Rb2+ 36. Kh1 Be3 37. Rg6+ Kf7 38. Rh6 Rxa2 39. Rh7+ Kf6 40. Rxc7 b5 41. Rc6 Ke5 42. Rc8 Kxd5 43. Re8 Ra1+ 44. Kg2 Bd2 45. Bd3 b4 46. Rf8 a5 47. Rf1 Rxf1 48. Kxf1 Kd4 49. Ke2 Kc3 50. Bb1 b3 51. Kd1 a4 0-1

[Event "Wch U16"]
[Site "Durban"]
[Date "2014.09.23"]
[Round "5"]
[White "Tuomainen, Felix"]
[Black "Satre, Mathias"]
[Result "0-1"]
[WhiteElo "2042"]
[BlackElo "1795"]
[PlyCount "88"]
[EventDate "2014.09.20"]
[EventType "swiss"]
[EventRounds "11"]
[EventCountry "RSA"]
[SourceTitle "CBM 162 Extra"]
[Source "ChessBase"]
[SourceDate "2014.10.17"]
[SourceVersion "1"]
[SourceVersionDate "2014.10.17"]
[SourceQuality "1"]

1. d4 Nf6 2. c4 e5 3. dxe5 Ng4 4. e3 Nxe5 5. Nf3 Nbc6 6. Be2 g6 7. Nxe5 Nxe5 8. f4 Nc6 9. 0-0 Bg7 10. Nc3 0-0 11. Qc2 d6 12. Nd5 Re8 13. Bd2 Nd4 14. exd4 Rxe2 15. Ne3 Bxd4 16. Qd3 Bxe3+ 17. Bxe3 Rxb2 18. Bd4 Bf5 19. Qd1 Rb4 20. Rc1 b5 21. cxb5 Rxb5 22. Ba1 c5 23. Qe1 f6 24. Qc3 Kg7 25. Qf3 d5 26. Rfe1 Be4 27. Qh3 Rab8 28. Qc3 d4 29. Qa3 Ra5 30. Qh3 Bd5 31. f5 Rxa2 32. fxg6 Rxg2+ 33. Kf1 hxg6 34. Rxc5 Rg5 35. Qa3 Rf5+ 36. Kg1 Rg5+ 37. Kf1 Rb7 38. Qa4 Rf5+ 39. Kg1 Rg5+ 40. Kf1 Qd6 41. Qxd4 Qa6+ 42. Kf2 Rg2+ 43. Ke3 Re7+ 44. Kf4 Qd6+ 0-1

[Event "Wch U16"]
[Site "Durban"]
[Date "2014.09.20"]
[Round "1"]
[White "Satre, Mathias"]
[Black "Rakotomaharo, Fy Antenaina"]
[Result "0-1"]
[WhiteElo "1795"]
[BlackElo "2286"]
[PlyCount "82"]
[EventDate "2014.09.20"]
[EventType "swiss"]
[EventRounds "11"]
[EventCountry "RSA"]
[SourceTitle "CBM 162 Extra"]
[Source "ChessBase"]
[SourceDate "2014.10.17"]
[SourceVersion "1"]
[SourceVersionDate "2014.10.17"]
[SourceQuality "1"]

1. e4 c5 2. Nc3 Nc6 3. g3 g6 4. Bg2 Bg7 5. d3 d6 6. Be3 Qa5 7. Qd2 h5 8. Nd5 Qd8 9. c3 e6 10. Nf4 Qa5 11. Nfe2 Nge7 12. d4 0-0 13. f4 cxd4 14. Nxd4 Nxd4 15. Bxd4 e5 16. Be3 d5 17. exd5 exf4 18. Bxf4 Re8 19. Kf2 Nf5 20. Bf3 Bd7 21. Ne2 h4 22. Rhe1 hxg3+ 23. Nxg3 Qb6+ 24. Be3 Nxe3 25. Rxe3 Bh6 26. Rae1 Rxe3 27. Rxe3 Bxe3+ 28. Qxe3 Qxb2+ 29. Be2 Bb5 30. Ne4 Qxa2 31. Nf6+ Kg7 32. Nh5+ gxh5 33. Qe5+ Kg8 34. Qg5+ Kf8 35. Qh6+ Ke8 36. Qh8+ Kd7 37. Qxa8 Qxe2+ 38. Kg3 Qg4+ 39. Kf2 Qf4+ 40. Kg2 Bf1+ 41. Kg1 Ba6 0-1

[Event "NOR-ch U16"]
[Site "Hamar"]
[Date "2013.11.15"]
[Round "2"]
[White "Satre, Mathias"]
[Black "Keadana, Amir"]
[Result "1-0"]
[WhiteElo "1763"]
[BlackElo "1478"]
[PlyCount "83"]
[EventDate "2013.11.15"]
[EventType "swiss"]
[EventRounds "7"]
[EventCountry "NOR"]
[SourceTitle "EXT 2024"]
[Source "ChessBase"]
[SourceDate "2023.10.10"]
[SourceVersion "1"]
[SourceVersionDate "2023.10.10"]
[SourceQuality "1"]

1. e4 e6 2. d4 d5 3. Nd2 dxe4 4. Nxe4 Bd7 5. Nf3 Bc6 6. Bd3 Nd7 7. c3 Ngf6 8. Ng3 Be7 9. 0-0 0-0 10. Re1 Bxf3 11. Qxf3 c6 12. b3 Re8 13. Bb2 Qc7 14. c4 c5 15. Ne4 Nxe4 16. Bxe4 Bf6 17. Rad1 Bxd4 18. Bxd4 cxd4 19. Rxd4 Nc5 20. Bc2 Rad8 21. Red1 Rxd4 22. Rxd4 Rd8 23. Rxd8+ Qxd8 24. Qh5 Ne4 25. Bxe4 Qd2 26. Qxh7+ Kf8 27. Bd3 Qxa2 28. g3 Qxb3 29. Kg2 a5 30. Qh5 Ke7 31. Qh4+ Ke8 32. Qd4 a4 33. c5 a3 34. Bc4 Qc2 35. Bb5+ Ke7 36. Qd6+ Kf6 37. Qf4+ Ke7 38. Qd6+ Kf6 39. Qd4+ Ke7 40. Qd7+ Kf6 41. Qd8+ Kg6 42. Bd3+ 1-0

[Event "NOR-ch Kadett-A"]
[Site "Lillehammer"]
[Date "2013.06.29"]
[Round "9"]
[White "Keadana, Amir"]
[Black "Satre, Mathias"]
[Result "1/2-1/2"]
[WhiteElo "1275"]
[BlackElo "1720"]
[PlyCount "45"]
[EventDate "2013.06.29"]
[EventType "swiss"]
[EventRounds "9"]
[EventCountry "NOR"]
[SourceTitle "EXT 2017"]
[Source "ChessBase"]
[SourceDate "2016.10.25"]
[SourceVersion "1"]
[SourceVersionDate "2016.10.25"]
[SourceQuality "1"]

1. e4 e6 2. d4 d5 3. Nd2 Nf6 4. e5 Nfd7 5. Bd3 c5 6. c3 Nc6 7. Ne2 Qc7 8. Nf3 b6 9. 0-0 Bb7 10. Bf4 h6 11. a3 0-0-0 12. b4 cxd4 13. cxd4 a6 14. b5 axb5 15. Bxb5 Kb8 16. Qa4 g5 17. Bg3 Kc8 18. Rac1 Ndb8 19. Rc2 Kd7 20. Rfc1 Rc8 21. Nc3 Kd8 22. Na2 Qd7 23. Nb4 1/2-1/2

[Event "Oslo Sveins op 6th"]
[Site "Oslo"]
[Date "2013.06.21"]
[Round "1"]
[White "Grotnes, Nils Ragnar"]
[Black "Satre, Mathias"]
[Result "1-0"]
[WhiteElo "2182"]
[BlackElo "1798"]
[PlyCount "75"]
[EventDate "2013.06.21"]
[EventType "swiss"]
[EventRounds "9"]
[EventCountry "NOR"]
[SourceTitle "CBM 155 Extra"]
[Source "ChessBase"]
[SourceDate "2013.08.26"]
[SourceVersion "1"]
[SourceVersionDate "2013.08.26"]
[SourceQuality "1"]

1. d4 Nf6 2. c4 g6 3. Nc3 Bg7 4. e4 d6 5. Be2 0-0 6. Nf3 e5 7. 0-0 Nc6 8. d5 Ne7 9. Ne1 Ne8 10. Be3 f5 11. f3 f4 12. Bf2 g5 13. c5 Ng6 14. Rc1 Rf7 15. a4 Bf8 16. cxd6 cxd6 17. Nb5 a6 18. Na3 Rb8 19. Qb3 Bd7 20. Bb6 Qf6 21. Nd3 h5 22. Nf2 Bh6 23. Rc3 Rg7 24. h3 Nh4 25. Nc4 Qg6 26. Qb4 Rh7 27. Kh1 Bf8 28. Rg1 g4 29. g3 fxg3 30. Rxg3 Qf6 31. fxg4 Kh8 32. g5 Qg6 33. Nxe5 Qg7 34. Nxd7 Qxd7 35. Bxa6 Bg7 36. Bb5 Bxc3 37. Qxc3+ Qg7 38. Bd4 1-0

[Event "Politiken Cup 34th"]
[Site "Helsingor"]
[Date "2012.08.04"]
[Round "9"]
[White "Nielsen, Kai Gylling"]
[Black "Satre, Mathias"]
[Result "0-1"]
[WhiteElo "1888"]
[BlackElo "1722"]
[PlyCount "98"]
[EventDate "2012.07.28"]
[EventType "swiss"]
[EventRounds "10"]
[EventCountry "DEN"]
[SourceTitle "CBM 149 Extra"]
[Source "ChessBase"]
[SourceDate "2012.08.24"]
[SourceVersion "1"]
[SourceVersionDate "2012.08.24"]
[SourceQuality "1"]

1. c4 c5 2. Nf3 Nc6 3. g3 g6 4. Bg2 Bg7 5. Nc3 e6 6. d3 Nge7 7. 0-0 0-0 8. Bd2 d5 9. cxd5 exd5 10. Qc1 b6 11. Bh6 Bb7 12. Bxg7 Kxg7 13. a3 Nf5 14. e3 d4 15. e4 dxc3 16. exf5 cxb2 17. Qxb2+ Qf6 18. Qxf6+ Kxf6 19. fxg6 fxg6 20. h4 h6 21. Nd2 Rad8 22. Ne4+ Kg7 23. Rfb1 Nd4 24. Rb2 Ba6 25. Bf1 Nf3+ 26. Kg2 Bxd3 27. Bxd3 Rxd3 28. a4 Re8 29. Nd6 Nxh4+ 30. gxh4 Rxd6 31. a5 c4 32. axb6 axb6 33. Ra7+ Kf6 34. Rb7 Ree6 35. Rb4 c3 36. Rc4 Rc6 37. Rc7 Rxc7 38. Rxc7 b5 39. Rxc3 b4 40. Rb3 Rb6 41. f4 Kf5 42. Kf3 Rb7 43. Kg3 Ke4 44. Kg4 Rb5 45. Rb1 b3 46. Rb2 Kd3 47. Rxb3+ Rxb3 48. h5 gxh5+ 49. Kxh5 Ke4 0-1

[Event "Politiken Cup 34th"]
[Site "Helsingor"]
[Date "2012.08.02"]
[Round "7"]
[White "Andersen, Dag"]
[Black "Satre, Mathias"]
[Result "1-0"]
[WhiteElo "1907"]
[BlackElo "1722"]
[PlyCount "41"]
[EventDate "2012.07.28"]
[EventType "swiss"]
[EventRounds "10"]
[EventCountry "DEN"]
[SourceTitle "CBM 149 Extra"]
[Source "ChessBase"]
[SourceDate "2012.08.24"]
[SourceVersion "1"]
[SourceVersionDate "2012.08.24"]
[SourceQuality "1"]

1. d4 d6 2. e4 g6 3. Nc3 Bg7 4. Nf3 Nd7 5. Be2 c5 6. Be3 Qa5 7. 0-0 Ngf6 8. h3 0-0 9. e5 Ne8 10. Nd5 e6 11. Ne7+ Kh8 12. exd6 Nxd6 13. dxc5 Ne4 14. Nxc8 Ndxc5 15. Nd6 Rad8 16. Bxc5 Nxc5 17. b4 Qxb4 18. Nxf7+ Rxf7 19. Qxd8+ Rf8 20. Qe7 Bxa1 21. Qxf8# 1-0

[Event "NOR-ch U16"]
[Site "Sandefjord"]
[Date "2012.07.08"]
[Round "2"]
[White "Amarapala, Sherington"]
[Black "Satre, Mathias"]
[Result "0-1"]
[WhiteElo "1524"]
[BlackElo "1554"]
[PlyCount "46"]
[EventDate "2012.07.07"]
[EventType "swiss"]
[EventRounds "9"]
[EventCountry "NOR"]
[SourceTitle "EXT 2024"]
[Source "ChessBase"]
[SourceDate "2023.10.10"]
[SourceVersion "1"]
[SourceVersionDate "2023.10.10"]
[SourceQuality "1"]

1. e4 c6 2. d4 d5 3. Nc3 dxe4 4. Nxe4 Bf5 5. Ng3 Bg6 6. Nf3 Nd7 7. Bc4 e6 8. 0-0 Ngf6 9. Bg5 h6 10. Bh4 Qc7 11. Re1 Bd6 12. Ne2 Bh5 13. Ng3 Bxf3 14. Qxf3 g5 15. Nh5 Nxh5 16. Qxh5 Bxh2+ 17. Kh1 0-0-0 18. Bg3 Bxg3 19. fxg3 Qxg3 20. Qxf7 Qh4+ 21. Kg1 Qxd4+ 22. Kh1 Qh4+ 23. Kg1 Qxc4 0-1

[Event "Wch U14"]
[Site "Caldas Novas"]
[Date "2011.11.22"]
[Round "5"]
[White "Krsnik Cohar, Ivan Vihor"]
[Black "Satre, Mathias"]
[Result "1-0"]
[WhiteElo "1937"]
[BlackElo "1754"]
[PlyCount "97"]
[EventDate "2011.11.18"]
[EventType "swiss"]
[EventRounds "9"]
[EventCountry "BRA"]
[SourceTitle "EXT 2013"]
[Source "ChessBase"]
[SourceDate "2012.11.22"]
[SourceVersion "1"]
[SourceVersionDate "2012.11.22"]
[SourceQuality "1"]

1. d4 Nf6 2. Nf3 g6 3. Bg5 Bg7 4. Nbd2 0-0 5. e4 d5 6. exd5 Nxd5 7. c3 h6 8. Bh4 f5 9. Bc4 g5 10. Bxg5 hxg5 11. Nxg5 e6 12. Qh5 Rf6 13. Qh7+ Kf8 14. Qh4 Rh6 15. Nh7+ Ke8 16. Qxd8+ Kxd8 17. Ng5 Rg6 18. Bxd5 exd5 19. f4 Nc6 20. h4 Bd7 21. h5 Rf6 22. 0-0-0 Be8 23. Rde1 Kd7 24. Nf1 Bh6 25. Rh4 Nd8 26. Re5 c6 27. Ne3 Nf7 28. Nxf7 Bxf7 29. Nxf5 Rh8 30. Nxh6 Rhxh6 31. Kd2 Bg6 32. Rg5 Be4 33. g3 Ke6 34. Re5+ Kf7 35. Ke3 Rf5 36. g4 Rxe5 37. dxe5 Ke6 38. Kd4 b6 39. f5+ Bxf5 40. gxf5+ Kxf5 41. Rh1 Kg5 42. b4 Rxh5 43. Rxh5+ Kxh5 44. e6 Kg6 45. Ke5 a5 46. bxa5 bxa5 47. Kd6 Kf6 48. e7 Kf7 49. Kd7 1-0